[Event "Challenge"]
[Site "http://www.queenalice.com/game.php?id=1241123"]
[Date "2013.12.18"]
[Round "-"]
[White "j4ilton"]
[Black "jeffeson"]
[Result "1/2-1/2"]
[WhiteElo "1100"]
[BlackElo "1951"]

1. e4 c6 2. d4 d5 3. exd5 cxd5 4. c4 Nc6 5. Nf3 Nf6 6. Nc3 Bg4 7. Be2 e6 8. O-O
Be7 9. Bf4 O-O 10. h3 Bh5 11. cxd5 Nxd5 12. Nxd5 Qxd5 13. g4 Bg6 14. b3 Rfd8 15.
Bc4 Qe4 16. Be5 Nxe5 17. Nxe5 Rxd4 18. Nxg6 Rxd1 19. Nxe7+ Kf8 20. Rfxd1 Kxe7
21. Rd3 Rd8 22. Rad1 Rxd3 23. Rxd3 a6 24. a4 Qe5 25. Re3 Qc5 26. Kg2 b5 27. axb5
axb5 28. Bd3 h5 29. Be2 hxg4 30. hxg4 Kd6 31. Kg3 e5 32. Bd3 Qb4 33. Be4 g6 34.
Kg2 Ke6 35. g5 f5 36. gxf6 Kxf6 37. Bd3 Qxb3 38. Rf3+ Kg7 39. Bxg6 Qxf3+ 40.
Kxf3 Kxg6 41. Ke4 b4 42. Kd3 Kf5 43. Kc4 Kf4 44. Kxb4 Kf3 45. Kc4 Kxf2 46. Kd5
Ke2 47. Kxe5 Ke3 48. Ke6 1/2-1/2

[Event "OS INCLIVEIS"]
[Site "http://www.queenalice.com/game.php?id=1241258"]
[Date "2013.12.19"]
[Round "-"]
[White "adelio"]
[Black "j4ilton"]
[Result "0-1"]
[WhiteElo "1858"]
[BlackElo "1100"]

1. d4 Nf6 2. c4 e6 3. a3 b6 4. Nc3 Bb7 5. Bg5 Be7 6. Bxf6 Bxf6 7. e4 d6 8. Nf3
O-O 9. h4 Nd7 10. h5 h6 11. Bd3 Re8 12. g4 d5 13. e5 Bg5 14. Ne2 dxc4 15. Rh3
cxd3 16. Nxg5 Qxg5 17. Qxd3 Rad8 18. Qg3 Nc5 19. f4 Nd3+ 20. Qxd3 Qxg4 21. O-O-O
c5 22. Rg3 Qxh5 23. Rdg1 g6 24. Rh3 Qf5 25. Qxf5 exf5 26. Rxh6 cxd4 27. Rg3 Ba6
28. Ng1 Kf8 29. Nh3 Be2 30. Ng5 Ke7 31. e6 Bc4 32. exf7 Bxf7 33. Rh7 Rf8 34. Ne6
Kxe6 35. Rh1 Rh8 36. Re1+ Kf6 37. Rg2 Bd5 38. Rd2 Be4 39. b4 Rh1 40. Rdd1 Rh2
41. Rd2 Rc8+ 42. Kd1 Bf3+ 43. Rde2 Re8 44. Kd2 Bxe2 45. Rxe2 Rexe2+ 46. Kd3 Ke6
47. Kxd4 Rh3 48. a4 Re4# 0-1

[Event "Challenge"]
[Site "http://www.queenalice.com/game.php?id=1242900"]
[Date "2013.12.26"]
[Round "-"]
[White "novoselic"]
[Black "j4ilton"]
[Result "0-1"]
[WhiteElo "1529"]
[BlackElo "1100"]

1. e4 c5 2. Nf3 Nc6 3. Bb5 a6 4. Bxc6 dxc6 5. O-O Nf6 6. Nc3 g6 7. d3 Bg7 8. Bg5
O-O 9. Qd2 Qb6 10. Na4 Qb5 11. Nc3 Qxb2 12. e5 Nd7 13. Rfb1 Qa3 14. Bxe7 Re8 15.
Bd6 Nxe5 16. Nxe5 Rxe5 17. Rb3 Qa5 18. Bxe5 Bxe5 19. Re1 c4 20. dxc4 Be6 21. Ne4
Qc7 22. Nc5 Bxh2+ 23. Kh1 Rd8 24. Rxb7 Rxd2 25. Rxc7 Bxc7 0-1

[Event "Challenge"]
[Site "http://www.queenalice.com/game.php?id=1243190"]
[Date "2013.12.27"]
[Round "-"]
[White "ChessLeticia"]
[Black "j4ilton"]
[Result "0-1"]
[WhiteElo "1674"]
[BlackElo "1438"]

1. e4 c5 2. d3 Nf6 3. Nd2 e6 4. Ngf3 Be7 5. g3 O-O 6. Bg2 d5 7. O-O Qc7 8. Re1
b6 9. c3 Bb7 10. exd5 Bxd5 11. d4 Nbd7 12. Nf1 Rfd8 13. Bf4 Bd6 14. Bxd6 Qxd6
15. h4 cxd4 16. Nxd4 Bxg2 17. Kxg2 Nc5 18. Ne3 Qd7 19. Qf3 Nd3 20. Re2 Rab8 21.
Rd2 Ne5 22. Qe2 Qb7+ 23. Kh3 Qc8 24. Rad1 Ne4 25. Ng4 Nxg4 26. Kxg4 Nxd2 27.
Rxd2 e5+ 28. Nf5 Rxd2 29. Qxd2 g6 0-1

[Event "Challenge"]
[Site "http://www.queenalice.com/game.php?id=1243196"]
[Date "2013.12.27"]
[Round "-"]
[White "j4ilton"]
[Black "jeffeson"]
[Result "1-0"]
[WhiteElo "1298"]
[BlackElo "1968"]

1. e4 c6 2. d4 d5 3. c4 dxe4 4. Nc3 Bf5 5. Nge2 Nf6 6. Bg5 Nbd7 7. Qa4 e6 8. Ng3
Be7 9. Be2 O-O 10. O-O Bg6 11. Rad1 Qc7 12. b4 a6 13. c5 Rfe8 14. Qb3 Rad8 15.
Rfe1 e5 16. h4 h6 17. h5 Bh7 18. Bxf6 Nxf6 19. Bc4 Bf8 20. Ncxe4 Nxe4 21. Nxe4
Bxe4 22. Rxe4 exd4 23. Rdxd4 Rxd4 24. Rxe8 Qf4 25. Bf1 Rxb4 26. Qh3 Rb2 27. Qd7
Qxf2+ 28. Kh2 Qxc5 29. Bd3 Qg1+ 30. Kxg1 1-0

[Event "Challenge"]
[Site "http://www.queenalice.com/game.php?id=1243241"]
[Date "2013.12.27"]
[Round "-"]
[White "j4ilton"]
[Black "crisvolei"]
[Result "1-0"]
[WhiteElo "1345"]
[BlackElo "1543"]

1. c4 c5 2. g3 Na6 3. Bg2 Nf6 4. Nf3 d5 5. cxd5 Qxd5 6. Nc3 Qc4 7. d3 Qb4 8. O-O
Bg4 9. a3 Qa5 10. Qb3 Be6 11. Qxb7 Rb8 12. Qxa7 Nd7 13. Ng5 Ne5 14. Nxe6 fxe6
15. d4 Nc6 16. Bxc6+ Kf7 17. Bb7 Qc7 18. Qxa6 Qxb7 19. Qxb7 Rxb7 20. dxc5 e5 21.
b4 e6 22. Rd1 Be7 23. Ne4 h6 24. Nd6+ Kf6 25. Nxb7 g5 26. Bb2 h5 27. Rd7 h4 28.
Bxe5+ Kxe5 29. Rxe7 hxg3 30. hxg3 Kf6 31. Rd7 e5 32. c6 e4 33. c7 e3 34. Rd8
exf2+ 35. Kg2 Ke7 36. Rxh8 Kd7 37. c8=Q+ Ke7 38. Rh6 f1=Q+ 39. Rxf1 1-0

[Event "Challenge"]
[Site "http://www.queenalice.com/game.php?id=1243242"]
[Date "2013.12.27"]
[Round "-"]
[White "j4ilton"]
[Black "saturnin"]
[Result "1-0"]
[WhiteElo "1298"]
[BlackElo "1468"]

1. e4 e5 2. Nf3 d6 3. d4 exd4 4. Nxd4 g6 5. Nc3 Bg7 6. Be2 c5 7. Nb3 Qe7 8. O-O
a6 9. Nd5 Qd8 10. f4 Nf6 11. f5 O-O 12. fxg6 Nxe4 13. gxf7+ Rxf7 14. Rxf7 Kxf7
15. Bh5+ Ke6 16. Nf4+ Kd7 17. Qg4+ Kc7 18. Qxg7+ Kc6 19. Bf3 Qe8 20. Bd2 b5 21.
Ba5 Bf5 22. Qc7# 1-0

[Event "AUTO-OPEN-3152"]
[Site "http://www.queenalice.com/game.php?id=1243413"]
[Date "2013.12.28"]
[Round "1"]
[White "pacou93"]
[Black "j4ilton"]
[Result "1-0"]
[WhiteElo "1806"]
[BlackElo "1498"]

1. e4 c5 2. Nf3 d6 3. g3 Nf6 4. Nc3 Bg4 5. Bg2 e6 6. O-O Be7 7. d4 cxd4 8. Qxd4
Nc6 9. Qa4 O-O 10. Be3 Qc7 11. Rad1 a6 12. Rb1 b5 13. Qb3 Na5 14. Qb4 d5 15. Qd4
b4 16. Na4 Nxe4 17. c3 bxc3 18. Nxc3 Nxc3 19. Qxc3 Nc4 20. b3 Qa5 21. Qxa5 1-0

[Event "AUTO-OPEN-3152"]
[Site "http://www.queenalice.com/game.php?id=1243414"]
[Date "2013.12.28"]
[Round "1"]
[White "j4ilton"]
[Black "pacou93"]
[Result "0-1"]
[WhiteElo "1494"]
[BlackElo "1810"]

1. e4 e5 2. Nf3 d5 3. exd5 Bd6 4. Bb5+ Bd7 5. Qe2 Nf6 6. Nc3 O-O 7. Bxd7 Nbxd7
8. O-O Re8 9. d3 h6 10. Nh4 Nxd5 11. Nf5 Nxc3 12. bxc3 Qf6 13. Qg4 g5 14. Nxh6+
Qxh6 15. Qxd7 e4 16. g3 exd3 17. cxd3 Re7 18. Qf5 Rae8 0-1

[Event "AUTO-OPEN-3152"]
[Site "http://www.queenalice.com/game.php?id=1243435"]
[Date "2013.12.28"]
[Round "1"]
[White "ChessLeticia"]
[Black "j4ilton"]
[Result "1-0"]
[WhiteElo "1891"]
[BlackElo "1491"]

1. e4 c5 2. Nf3 d6 3. d4 cxd4 4. Qxd4 Nc6 5. Bb5 Bd7 6. Qd3 Nf6 7. Nc3 g6 8. Bg5
Bg7 9. O-O O-O 10. Rfe1 Ng4 11. h3 Nge5 12. Nxe5 Nxe5 13. Qe2 Nc6 14. Nd5 Re8
15. c3 a6 16. Bxc6 bxc6 17. Ne3 Qb6 18. Ng4 Rab8 19. Qf3 Qxb2 20. Nh6+ Bxh6 21.
Bxh6 Be6 22. a4 Qb3 23. Rec1 Bd7 24. Qd3 c5 25. e5 Qe6 26. exd6 exd6 27. Rd1 a5
28. Kf1 1-0

[Event "AUTO-OPEN-3152"]
[Site "http://www.queenalice.com/game.php?id=1243436"]
[Date "2013.12.28"]
[Round "1"]
[White "j4ilton"]
[Black "ChessLeticia"]
[Result "1-0"]
[WhiteElo "1391"]
[BlackElo "1647"]

1. e4 c5 2. Nf3 d6 3. d4 cxd4 4. Nxd4 Nf6 5. Nc3 g6 6. Bc4 Bg7 7. O-O Nc6 8. a3
a6 9. f4 O-O 10. Kh1 Qb6 11. Be3 Qxb2 12. Na4 Qxa1 13. Qxa1 Bd7 14. Nb6 1-0

[Event "AUTO-OPEN-3152"]
[Site "http://www.queenalice.com/game.php?id=1243447"]
[Date "2013.12.28"]
[Round "1"]
[White "toomchess"]
[Black "j4ilton"]
[Result "1-0"]
[WhiteElo "1863"]
[BlackElo "1298"]

1. e4 c5 2. b4 e5 3. bxc5 Bxc5 4. Nf3 Nf6 5. Nc3 Nc6 6. Bb5 Qc7 7. O-O O-O 8.
Qe2 Rd8 9. Nd5 Nxd5 10. exd5 Nd4 11. Nxd4 exd4 12. Bb2 a6 13. Bd3 b5 14. Qe4 g6
15. c3 Bb7 16. cxd4 Bf8 17. Rac1 Qd6 18. Rc5 Qf6 19. Rc7 Ra7 20. Rfc1 Qd6 21.
R7c5 Qf6 22. Rc7 Qg5 23. f4 Qh4 24. g3 Qh5 25. f5 Bd6 26. Rxd7 Rxd7 27. Qe8+ Kg7
28. Qxd7 Bxd5 29. Qxd6 Qf3 30. f6+ Kh6 31. Qf4+ Qxf4 32. gxf4 g5 33. fxg5+ Kxg5
34. Rc5 1-0

[Event "AUTO-OPEN-3152"]
[Site "http://www.queenalice.com/game.php?id=1243448"]
[Date "2013.12.28"]
[Round "1"]
[White "j4ilton"]
[Black "toomchess"]
[Result "1-0"]
[WhiteElo "1298"]
[BlackElo "1843"]

1. e4 e5 2. Nf3 Nc6 3. Bb5 Bc5 4. O-O d6 5. c3 Bg4 6. d4 Bxf3 7. Qxf3 exd4 8.
cxd4 Bxd4 9. e5 Bxe5 10. Bxc6+ bxc6 11. Qxc6+ Kf8 12. Nc3 Ne7 13. Qf3 Ng6 14.
Bd2 Rb8 15. b3 h5 16. Rac1 c5 17. Ne4 Qh4 18. g3 Qg4 19. Qd3 Rd8 20. Rxc5 Qd7
21. Rc2 h4 22. f4 hxg3 23. fxe5 Rxh2 24. Qxd6+ Qxd6 25. exd6 Rh4 26. Ng5 Rxd6
27. Rxf7+ Ke8 28. Rc8+ Rd8 29. Rxd8+ Kxd8 30. Rxa7 Rd4 31. Ne6+ 1-0

[Event "AUTO-BEG-599"]
[Site "http://www.queenalice.com/game.php?id=1245251"]
[Date "2014.1.4"]
[Round "1"]
[White "j4ilton"]
[Black "Narizinho"]
[Result "1-0"]
[WhiteElo "1514"]
[BlackElo "1332"]

1. d4 d5 2. c4 dxc4 3. e4 c6 4. Bxc4 Nf6 5. Nc3 e6 6. Nf3 Bb4 7. Qc2 O-O 8. O-O
b5 9. Bd3 Na6 10. e5 Nd7 11. Bxh7+ Kh8 12. Ng5 f6 13. Nxe6 Qe8 14. Qf5 Rf7 15.
Bg6 Qe7 16. Qh5+ Kg8 17. Qh7# 1-0

[Event "AUTO-BEG-599"]
[Site "http://www.queenalice.com/game.php?id=1245252"]
[Date "2014.1.4"]
[Round "1"]
[White "Narizinho"]
[Black "j4ilton"]
[Result "1-0"]
[WhiteElo "1327"]
[BlackElo "1524"]

1. e4 c5 2. Nc3 d6 3. Nf3 Nf6 4. Bb5+ Bd7 5. O-O e6 6. d3 Be7 7. a3 Nc6 8. b4
O-O 9. Bg5 h6 10. Bd2 b6 11. bxc5 bxc5 12. Ne2 Re8 13. Ng3 Bf8 14. c3 g6 15. d4
cxd4 16. cxd4 Qb6 17. Rb1 1-0

[Event "Challenge"]
[Site "http://www.queenalice.com/game.php?id=1246168"]
[Date "2014.1.7"]
[Round "-"]
[White "jeffeson"]
[Black "j4ilton"]
[Result "0-1"]
[WhiteElo "2017"]
[BlackElo "1438"]

1. e4 c5 2. Nf3 d6 3. d4 cxd4 4. Nxd4 Nf6 5. Nc3 a6 6. Bc4 b5 7. Bb3 Bb7 8. f3
e6 9. O-O d5 10. exd5 Nxd5 11. Nxd5 Bxd5 12. Bf4 Bc5 13. Kh1 O-O 14. Re1 Bxb3
15. Nxb3 Bf2 16. Qxd8 Rxd8 17. Red1 Nc6 18. Bc7 Rdc8 19. Rd7 Ra7 20. Rd2 Be3 21.
Re2 Raxc7 22. Rxe3 Nb4 23. Rd1 Rxc2 0-1

[Event "Challenge"]
[Site "http://www.queenalice.com/game.php?id=1247305"]
[Date "2014.1.11"]
[Round "-"]
[White "sunking"]
[Black "j4ilton"]
[Result "0-1"]
[WhiteElo "1476"]
[BlackElo "1478"]

1. d4 Nf6 2. d5 b6 3. Nc3 Bb7 4. e4 e5 5. Bg5 Bb4 6. Bd2 Bxc3 7. Bxc3 Nxe4 8.
Bxe5 O-O 9. Qf3 Bxd5 10. Qg4 f6 11. f3 Nc5 0-1